000 00517nam a2200181Ia 4500
008 151202s9999||||xx |||||||||||||| ||und||
082 _bPNVM-32114
100 _aभावे पु.भा.
245 _aतपस्वी.
260 _b"नागपुर प्रकाशन,नागपुर."
260 _c0
300 _a146
600 _aभावे पु.भा.
630 _aतपस्वी.
700 _aभावे पु.भा.
730 _aतपस्वी.
942 _cBOOK
999 _c1298075
_d1298072